| Tag |
First Indicator |
Second Indicator |
Subfields |
| LEADER |
00000cam a2200000 4500 |
| 001 |
in00000035426 |
| 005 |
20151007060807.0 |
| 008 |
770513r1927 enkf 00010 engm |
| 010 |
|
|
|a 28014134
|
| 035 |
|
|
|a (OCoLC)02962195
|
| 035 |
|
|
|9 AAD0190AM
|
| 040 |
|
|
|a DLC
|c SUC
|d SUC
|d OCL
|d TXA
|d UtOrBLW
|
| 049 |
|
|
|a TXAM
|c [426145]
|
| 050 |
0 |
0 |
|a TN876.P4
|b W5
|
| 092 |
|
|
|a 665.5955
|b W731i
|
| 100 |
1 |
|
|a Williamson, John Woolfenden.
|
| 245 |
1 |
0 |
|a In a Persian oil field ;
|b a study in scientific and industrial development /
|c by J. W. Williamson. With a prefatory letter from the Rt. Hon. the Earl of Balfour.
|
| 264 |
|
1 |
|a London :
|b E. Benn limited,
|c 1927.
|
| 300 |
|
|
|a 189 pages :
|b plates. ;
|c 22 cm.
|
| 336 |
|
|
|a text
|b txt
|2 rdacontent
|
| 337 |
|
|
|a unmediated
|b n
|2 rdamedia
|
| 338 |
|
|
|a volume
|b nc
|2 rdacarrier
|
| 500 |
|
|
|a Map on lining-paper.
|
| 500 |
|
|
|a "First published: October, 1927. Second impression: March, 1928."
|
| 650 |
|
0 |
|a Petroleum industry and trade
|z Iran.
|
| 999 |
|
|
|a MARS
|
| 999 |
f |
f |
|s 658f3a66-e592-359c-86f5-9788735f98b8
|i cf30bef9-30c6-39de-a87d-c44b3a103f46
|t 0
|
| 952 |
f |
f |
|p ric
|a Texas A&M University
|b Rellis Campus
|c Joint Library Facility
|d Remote Storage
|t 0
|e TN876.P4 W5
|h Library of Congress classification
|i unmediated -- volume
|m A14801115198
|
| 998 |
f |
f |
|a TN876.P4 W5
|t 0
|l Remote Storage
|